[Event "Metalska Trgovina CC 90"]
[Site "Ljubljana"]
[Date "2002.01.25"]
[Round "6"]
[White "Beliavsky, Alexander G"]
[Black "Pavasovic, Dusko"]
[Result "1-0"]
[WhiteElo "2649"]
[BlackElo "2547"]
[Annotator "Tyomkin,D"]
[PlyCount "63"]
[EventDate "2002.01.19"]
[EventType "tourn"]
[EventRounds "11"]
[EventCountry "SLO"]
[EventCategory "11"]
[SourceTitle "CBM 088"]
[Source "ChessBase"]
[SourceDate "2002.03.21"]
[SourceVersion "1"]
[SourceVersionDate "2002.03.21"]
[SourceQuality "1"]

1. d4 d5 2. c4 e6 3. Nf3 c6 4. Nbd2 f5 5. g3 Bd6 6. Bg2 Nf6 7. O-O O-O 8. b3
Nbd7 {I find direct 8..b6 more useful- Nb8 can be developed to a6 as well; The
white's plan developing Bc1 to f4 was shown in the following game, and it can
be recommended;} (8... b6 {Tyomkin,D} 9. Ne5 Bb7 10. Ndf3 Ne4 $146 (10... Qe7 {
Tyomkin,D} 11. cxd5 cxd5 12. Ne1 a5 13. Bb2 Na6 14. a3 Rac8 15. Qd3 $6 Nb8 $1
16. Qe3 Ba6 $15 {0-1 Miralles,G-Agdestein,S/Lyon 1988/CBM 07 (41)}) 11. Nd3 Nd7
12. Bf4 Be7 13. Nfe5 Ndf6 $6 {As I know from my experience, black should trade
pair of knights in this structure, otherwise, while white play f2-f3, black
hasn't good places for both knights.} (13... Nxe5 $142 {Tyomkin,D} 14. Nxe5
dxc4 (14... c5 {Tyomkin,D} 15. dxc5 Bxc5 16. cxd5 $11) 15. Nxc4 (15. Bxe4 {
Tyomkin,D} fxe4 16. Nxc4 $11) 15... c5 $11) (13... g5 {Tyomkin,D} 14. Nxd7 Qxd7
15. Be5 $14) 14. Rc1 Rc8 $6 (14... c5 {Tyomkin,D} 15. cxd5 (15. f3 $6 {Tyomkin,
D} dxc4 {[%csl Rd4]}) (15. dxc5 {Tyomkin,D} Nxc5 (15... bxc5 $2 {Tyomkin,D} 16.
f3 {[%csl Rc5]}) 16. Nxc5 Bxc5 {and black probably gets equality.}) 15... Nxd5
16. dxc5 Nxc5 17. b4 $5 {but white still doesn't get anything serious.}) 15. f3
Nd6 16. c5 {Finally, after two unaccurate moves of black, white got an
advantage-white has more space and full control over the center.} Nf7 17. b4
Nxe5 18. Nxe5 Ba6 19. Re1 Nh5 20. Bd2 Bf6 21. e3 $16 {[%cal Rg3g4] 1-0
Bezgodov,A-Grischuk,A/Moscow 1999/CBM 75/[Tyomkin,D] (56)}) 9. Bb2 (9. Ne1 $5 {
[%cal Ge1d3,Yd2f3,Yc1f4] as in Bezgodov-Grischuk game;}) 9... b6 (9... Ne4 {
Tsesarsky} 10. Ne1 Qe7 11. Nd3 b6 12. f3 (12. Nf3 $14 {Tsesarsky}) 12... Nxd2
13. Qxd2 Ba6 14. Rfc1 dxc4 15. bxc4 e5 16. f4 $1 {1-0 Damljanovic,B-Popchev,M/
Belgrade 2000/CBM 76/[Tsesarsky] (44) Good solution!}) 10. Ne5 Bb7 11. Nd3 (11.
e3 Qe7 12. Qe2 Rac8 13. a4 a5 14. Rfc1 $6 {[%csl Ra1] There was no point to
leave another rook on a1;} Ne4 15. f4 Nxe5 $1 16. fxe5 Bb4 17. Nxe4 fxe4 18.
Rf1 Ba6 $15 {0-1 Slipak,S-Tregubov,P/Buenos Aires ARG 1998 (39)}) 11... Qe7 12.
e3 {Black usually solves opening problems by leading c6-c5:} (12. Nf3 c5 13. e3
Rfd8 14. Qe2 Rac8 15. Rac1 Ne4 16. Nfe5 cxd4 17. exd4 Bxe5 18. dxe5 dxc4 19.
Rxc4 Rxc4 20. bxc4 Ndc5 $15 {1/2-1/2 Virovlansky,S-Timofeev,A/St Petersburg
2001/CBM 82 ext (60)}) 12... Rfd8 13. Qe2 Ne4 (13... c5 {[%cal Ga8c8,Yf6e4]
this move probably would reach the balance;} 14. Rfd1 Rac8 15. Rac1 cxd4 (15...
Ne4 16. cxd5 Bxd5 17. Nf4 $14 {[%cal Gd2c4]}) 16. exd4 Ne4 {[%cal Gb7a6,Yd7f6]}
) 14. Rfd1 a5 {The alternative plan a7-a5-a4 gives black good counterplay;} 15.
Rac1 (15. a4 Ba6 {[%cal Ga6e2] the pressure of black over a6-f1 diagonal is
annoying;}) 15... a4 16. Nb1 {[%cal Gb1c3]} axb3 17. axb3 c5 $2 {[%csl Yb2,Yc1,
Yd1,Yd3,Ye2,Yg2] White is well-prepared for central explosion-all white pieces
are perfectly placed for this, Nc3 is coming; Black would get at least equal
by keeping the centre closed;} (17... Ra6 18. Nc3 Rda8 19. Ra1 $11) 18. f3 Nef6
19. Nc3 dxc4 (19... e5 20. dxe5 Nxe5 21. Nxd5 Nxd5 22. cxd5 Ba6 23. Bxe5 Bxe5
24. Qf2 $14) 20. bxc4 cxd4 {It was necessary for black to keep the centre
closed some way;} (20... e5 21. d5 $14) 21. exd4 e5 22. Re1 Re8 23. Nb5 e4 $8
24. fxe4 Bxe4 $6 (24... fxe4 25. Nf2 (25. Nxd6 Qxd6 26. Nf2 {Black is worse,
but he can survive here for a while;}) 25... Bb4 26. Rf1 {and black is facing
troubles here too;}) (24... Nxe4 25. Qh5 $1 $16 {[%csl Rf5][%cal Ge1e7]}) 25.
Nf2 Ra2 $2 {It helps white to end the game by tactics;} (25... Bb4 26. Bc3 Bxc3
27. Rxc3 {[%cal Gc3e3]} Qb4 28. Nxe4 fxe4 29. Re3 $16 {[%cal Gg2e4]}) 26. Nxe4
Nxe4 (26... fxe4 27. c5 $1 {[%cal Ge2c4]}) {[%tqu "En","That's the time to
break thru; What would you do here?","Open the diagonal a2-g8;","","c4c5","",
10]} 27. c5 $1 {[%cal Ya2g8] That's the reason why Ra2 was wrong;} Rxb2 28.
Qxb2 bxc5 29. Qa2+ Kh8 (29... Qe6 30. Qxe6+ Rxe6 31. Bh3 $1 {[%cal Rh3d7]} (31.
Bxe4 $18) 31... g6 32. d5 Re5 33. Rxe4 $1 $18 {[%cal Rb5d6]}) 30. Qd5 {[%csl
Rd6,Rf5][%cal Rg2e4]} Ndf6 {[%tqu "En","Find out the strongest continuation
for white;","","","d5d6","",10]} 31. Qxd6 $1 {[%cal Ye1e7] The quickest way to
win the game;} Qb7 32. Qxc5 $1 {[%cal Gg2b7] One more tactical motive; Black
is down the rook- right time to resign;} 1-0

[Event "RUS-Cup02"]
[Site "Moscow"]
[Date "1998.??.??"]
[Round "9"]
[White "Kharitonov, Andrei Y"]
[Black "Ovetchkin, Roman"]
[Result "1-0"]
[WhiteElo "2585"]
[BlackElo "2475"]
[Annotator "Tyomkin,D"]
[PlyCount "87"]
[EventDate "1998.01.21"]
[EventType "swiss"]
[EventRounds "9"]
[EventCountry "RUS"]
[SourceTitle "CBM 063"]
[Source "ChessBase"]
[SourceDate "1998.03.26"]
[SourceVersion "1"]
[SourceVersionDate "1998.03.26"]
[SourceQuality "1"]

1. d4 e6 2. c4 f5 3. g3 Nf6 4. Bg2 Bb4+ 5. Bd2 Qe7 6. Nf3 (6. Nc3 O-O 7. Nf3
Bxc3 8. Bxc3 Ne4 9. Rc1 $14) 6... Bxd2+ (6... Nc6 $6 {Tyomkin,D} 7. O-O Bxd2 8.
Qxd2 Ne4 9. Qc2 d6 10. d5 $1 Nd8 11. Nd4 Nf6 (11... e5 $2 12. Nxf5) 12. Nc3 g6
13. e4 fxe4 (13... e5 14. exf5 $1) 14. dxe6 {Botvinnik,M-Alatortsev,V/URS-ch08
Leningrad 1933/1-0(37)}) 7. Qxd2 (7. Nbxd2 {Tyomkin,D} O-O 8. O-O d6 9. Re1 {
[%cal Ge2e4]} (9. Qb3 Kh8 10. Rfe1 e5 11. e4 fxe4 12. Nxe4 Nc6 13. dxe5 dxe5
14. h3 $13 {Ricardi,P-Karlsson,L/Novi Sad olm ARG-SVE 1990/0-1(41)}) 9... e5
10. e4 f4 $6 (10... fxe4 $142) 11. gxf4 Nh5 12. fxe5 Nf4 13. exd6 cxd6 14. Qb3
$16 {Christiansen,L-Short,N/Hastings 1979/1-0(41)}) (7. Nfxd2 $6 {Tyomkin,D} d6
8. Nc3 e5 9. d5 O-O 10. Qc2 a5 11. e4 f4 $132 {Malaniuk Vladimir P-Sale Srdjan/
It (open) Pula (Croatia) 1996/1/2-1/2(39)}) 7... O-O (7... d6 {Tyomkin,D} 8.
Nc3 e5 (8... c6 $5) 9. O-O O-O (9... c6 $5 {[%csl Yd5]}) (9... e4 10. Ne1 {
[%cal Gf2f3]} (10. Ng5 h6 11. Nh3 g5 12. f3 e3 $13)) 10. dxe5 dxe5 11. Nd5 Qd6
12. Nxf6+ Rxf6 13. Qxd6 cxd6 14. Rfd1 Nc6 15. Rd2 Be6 16. b3 Rd8 17. Rad1 $16 {
[%csl Rd6][%cal Gf3e1,Ge1c2,Yf3g5] Magerramov,E-Laketic,G/Cheljabinsk 1992/1-0
(61)}) 8. O-O d6 (8... Ne4 {Tyomkin,D} 9. Qc2 d6 10. Nc3 Nxc3 11. Qxc3 Nd7 12.
e4 $146 (12. b4 Nf6 13. Nd2 e5 14. dxe5 Qxe5 15. Qxe5 $14 {Van der Sterren,
P-Johansen,D/Sydney Mercantile 1991/1/2-1/2(30)}) 12... fxe4 13. Nd2 d5 14.
cxd5 exd5 15. Qxc7 Qb4 16. Qc3 (16. Nb3 $5) 16... Qb6 17. f3 exf3 18. Nxf3 Nf6
19. Ne5 Be6 20. Nd3 Ne4 21. Qb4 Rxf1+ 22. Rxf1 Qxb4 23. Nxb4 Rc8 24. Re1 {
1/2-1/2 Lerner,K-Ovetchkin,R/Polish TV KO, Swidnica POL 1997}) 9. Nc3 c6 10.
Rfe1 {[%cal Ge2e4]} (10. Rad1 Nbd7 11. Rfe1 Ne4 (11... d5) 12. Nxe4 fxe4 13.
Ng5 d5 14. f3 $16 {Bakalar,P-Vavruska,D/CSR-chT 1992/1/2-1/2(25)}) (10. Rae1 d5
11. Qc2 Nbd7 12. Nd2 Ne4 13. Ndxe4 dxe4 14. f3 $14 {Van den Berg,C-Heidenfeld,
W/Amsterdam IBM 1962/1-0 (71)}) 10... d5 (10... Ne4 $6 11. Nxe4 (11. Qc2 d5 {
-game} (11... Nxc3 12. Qxc3 $16)) 11... fxe4 12. Ng5 d5 13. f3 h6 14. Nh3 e5
15. cxd5 cxd5 16. dxe5 $16) 11. Qc2 Ne4 12. e3 Bd7 $6 (12... b6 $142 {[%cal
Gc8b7]} 13. Ne5 Bb7 14. Ne2 $1 $14 {[%cal Gf2f3,Ge2f4]}) 13. Ne2 $1 {[%cal
Ge2f4,Gf4d3] typical monouevre in this structure.} Be8 14. Nf4 Nd7 15. Nd3 Ndf6
$2 {Another strategical blunder.Now white has complete control over-e5,and
prepares to push back black knight by f2-f3.N on-f6 only desturbes black,
because black should try to change a pair of knights in this position.} (15...
Bh5 16. Nfe5 $14 {/+/-}) 16. Nfe5 $16 {/+-} Rc8 17. b4 $1 {Black doesn't have
any counterplay.} Rc7 18. Rec1 Nd6 19. a4 a6 20. Rab1 Rc8 21. Qb2 g5 22. Qa3 (
22. f4 {was the typical reaction on g7-g5 in this kind of positions.}) 22...
Rc7 23. Rc2 Qd8 24. Nc5 Re7 25. Qa2 Kh8 26. Bf1 {White doesn't hurry and
expect for another mistake,and that's it!} f4 $2 27. exf4 gxf4 28. Bh3 $1 {
[%csl Re6][%cal Gc2e2,Gb1e1] black cann't hold e6-pawn and lose it in few
moves.Black is hopeless.} Qc8 29. Re1 dxc4 30. Nxc4 Nxc4 31. Qxc4 Nd5 32. Rce2
$18 Bf7 33. Nxe6 f3 34. Re5 Rfe8 35. Ng5 Rxe5 36. dxe5 Qc7 37. e6 Bg6 38. b5
axb5 39. axb5 Qb6 40. bxc6 bxc6 41. Nxf3 Rf8 42. e7 Re8 43. Ne5 Rxe7 44. Nxg6+
(44. Nxg6+ hxg6 45. Rxe7 Nxe7 46. Qh4+ {[%cal Gh4e7]}) 1-0

[Event "New York op"]
[Site "New York"]
[Date "1998.03.17"]
[Round "4"]
[White "Ibragimov, Ildar"]
[Black "Shabalov, Alexander"]
[Result "1/2-1/2"]
[WhiteElo "2590"]
[BlackElo "2615"]
[Annotator "Tyomkin,D"]
[PlyCount "110"]
[EventDate "1998.03.16"]
[EventType "swiss"]
[EventRounds "9"]
[EventCountry "USA"]
[SourceTitle "CBM 064"]
[Source "ChessBase"]
[SourceDate "1998.06.02"]
[SourceVersion "1"]
[SourceVersionDate "1998.06.02"]
[SourceQuality "1"]

1. d4 e6 2. Nf3 f5 3. g3 Nf6 4. Bg2 d5 5. O-O Bd6 6. c4 c6 7. b3 Qe7 8. Bb2 b6
9. Nbd2 Bb7 10. Ne5 O-O 11. Rc1 a5 12. a4 (12. Ndf3 {Tyomkin,D} Na6 13. Nd3 Ne4
14. Nfe5 c5 $146 15. e3 Nb4 {>< a2} 16. a4 (16. dxc5 $5 bxc5 17. a3 Nxd3 (17...
Nc6 18. Nxc6 Bxc6 19. Nf4 dxc4 20. bxc4 Rfd8 $13) 18. Nxd3 a4 19. f3 Nf6 $132)
16... Rac8 17. Nxb4 $6 (17. f3 Nxd3 18. Nxd3 (18. Qxd3 $2 Bxe5 19. dxe5 dxc4
$17) 18... dxc4 (18... Nf6) 19. bxc4 (19. fxe4 cxd3 20. Qxd3 Rcd8 $15) 19...
Nf6 20. Qb3 $13) 17... axb4 {[%csl Rb3,Gb4] another black pawn approached to
the center} 18. dxc5 $2 (18. f3 $142 Nf6 19. Qe2) 18... bxc5 $17 {[%cal Gd8d2]
Korniushin,N-Ulibin,M/RUS-Cup10 1997/0-1(22)}) 12... Na6 {[%cal Ga8c8,Yc6c5]
Black found the best setup in this variation.} 13. Ndf3 $146 (13. Nd3 {Tyomkin,
D} Rac8 14. Qc2 $6 c5 15. e3 Rc7 16. Rfe1 Ne4 17. Nb1 dxc4 18. bxc4 Nb4 $15 {
Garcia Padron,J-Vaisser,A/Fuerteventura 1992/1/2-1/2(41)}) 13... c5 14. cxd5 (
14. e3 Rac8 15. Qe2 $14) 14... exd5 (14... Bxd5 15. Nc4 Bc7 16. Nfe5 Bxg2 17.
Kxg2 $14) 15. Nd3 Nb4 16. Re1 Rac8 17. e3 Ne4 18. Nfe5 Rfd8 19. f3 Nxd3 20.
Nxd3 c4 $1 21. bxc4 (21. Nf4 $6 Nf6 {[%cal Gd6b4,Yc4c3]}) 21... dxc4 22. fxe4
cxd3 23. Qxd3 (23. exf5 Bxg2 24. Kxg2 Qe4+ 25. Kg1 (25. Qf3 Qxf3+ 26. Kxf3 d2)
25... Bb4 26. Bc3 Rxc3 27. Rxc3 Bxc3 28. Qb3+ Rd5 29. Qxc3 Rxf5 30. Qc4+) (23.
e5 $6 Rxc1 24. Qb3+ Qf7 25. Qxf7+ Kxf7 26. Rxc1 Bxg2 27. Kxg2 d2 28. Rd1 Bb4
$17) 23... Bxe4 24. Bxe4 Qxe4 25. Qxe4 fxe4 26. Kf2 Kf7 27. Ke2 g6 $6 {[%cal
Gf7e6]} (27... Ke6 $142 28. d5+ Kxd5 29. Bxg7 {[%cal Gg7d4]} (29. Red1+ Ke6 30.
Bxg7 Rxc1 31. Rxc1 Bc5 {[%cal Gd8d3]} 32. Rc4 Kd5 33. Rc1 Rb8 $17 {[%cal Gb6b5]
}) 29... Bc5 $15) 28. d5 $1 Bb4 29. Rf1+ Ke8 30. Rf4 Rxc1 31. Rxe4+ Kf7 32.
Bxc1 Rxd5 33. Rd4 Ke6 (33... Rxd4 34. exd4 Ke6 35. Kd3 Kd5 36. g4 $11) 34. Kd3
b5 35. Rxd5 Kxd5 36. e4+ Kc6 37. axb5+ Kxb5 38. Bb2 a4 39. g4 Be7 40. h3 Kb4
41. Kd4 Kb3 42. Ba1 Ka2 (42... a3 43. e5 a2 44. Kd5 $11) 43. Bc3 Kb1 44. e5 a3
45. Kd5 a2 46. e6 Bb4 47. Be5 Kc2 48. Kc4 Ba3 49. Bg7 h5 (49... Bb2 50. Bxb2
Kxb2 51. e7 a1=Q 52. e8=Q Qf1+ 53. Kb4 $11) 50. gxh5 gxh5 51. Ba1 Kb1 52. Bd4
Bb2 53. Bxb2 Kxb2 54. e7 a1=Q 55. e8=Q Qf1+ (55... Qf1+ 56. Kb4 Qxh3 57. Qe2+
$11) 1/2-1/2

[Event "FRA-ch"]
[Site "Meribel"]
[Date "1998.08.19"]
[Round "6"]
[White "Chabanon, Jean Luc"]
[Black "Relange, Eloi"]
[Result "1-0"]
[WhiteElo "2490"]
[BlackElo "2490"]
[Annotator "Tyomkin,D"]
[PlyCount "79"]
[EventDate "1998.08.14"]
[EventType "tourn"]
[EventRounds "15"]
[EventCountry "FRA"]
[EventCategory "10"]
[SourceTitle "CBM 067"]
[Source "ChessBase"]
[SourceDate "1998.11.30"]
[SourceVersion "2"]
[SourceVersionDate "1998.11.01"]
[SourceQuality "1"]

1. d4 e6 2. c4 f5 3. g3 Nf6 4. Bg2 d5 5. Nf3 c6 6. O-O Bd6 7. b3 Qe7 8. Bb2 b6
9. Ne5 Bb7 10. Nd2 O-O 11. e3 Nbd7 (11... a5 12. Ndf3 (12. Nd3 Na6 13. a3 Rac8
14. Re1 Ne4 15. f3 Nxd2 16. Qxd2 c5 $132 {Kolev,A-Pogorelov,R/Sitges op 1993/
1-0(35)}) (12. a4 Na6 13. Nd3 Rac8 14. Qe2 c5 15. Rac1 Ne4 16. Rfd1 Rfd8 17.
Nf3 Nb4 $11 {Sherbakov,V-Zarubin,P/URS-sf 1991/1/2-1/2(26)}) (12. a3 $6 Nbd7
13. a4 Rac8 14. Qe2 Ba6 15. Rfc1 Rfd8 16. Qe1 Bxe5 17. dxe5 Ne4 18. Nxe4 dxe4
19. Ba3 c5 $15 {Renet,O-Jussupow,A/Dubai olm 1986/0-1 (49)}) 12... Na6 13. Rc1
Rac8 14. Qe2 Ne4 $6 15. cxd5 cxd5 16. Qb5 $16 {King,D-Shabalov,A/Lloyds Bank
op 1994/1-0(30)}) 12. Qe2 $146 (12. cxd5 exd5 (12... cxd5 13. Ndc4 $1 dxc4 14.
Bxb7 Nxe5 15. dxe5 Bxe5 16. Bxa8 Bxb2 17. Rb1 c3 $13 {Thorsteins,K-Andreasson,
I/Copenhagen op 1988/1-0(43)}) 13. Ndf3 (13. f4 Rac8 14. Qf3 Ne4 15. Nxe4 dxe4
16. Qe2 Rfd8 17. g4 Nf6 18. gxf5 c5 19. Nc4 Ba6 20. Rac1 cxd4 {1/2-1/2 Stone,
R-Levine,D/Chicago op 1988}) 13... Ne4 14. Rc1 c5 15. Nxd7 Qxd7 16. dxc5 bxc5
17. Be5 Be7 18. Qe2 Rfd8 19. Rfd1 Qe6 20. Qb2 $14 {Beckhuis,G-Iljushin,A/
Komercni Banka op 1996/1/2-1/2(25)}) (12. Ndf3 $146 Rac8 {Better was} 13. Nd3
$5 (13. Nxd7 Nxd7 14. Ne5 $6 Nxe5 15. dxe5 Ba3 16. Qc1 Bxb2 17. Qxb2 dxc4 18.
bxc4 {Bratchenko,A-Tulchinsky,M/Russian Club Cup 1998/1-0(44)}) 13... c5 14.
cxd5 exd5 15. dxc5 bxc5 16. Nf4 {[%cal Gd1c2,Ga1d1] with comfortable position})
12... Rfc8 13. a3 a5 14. Rfc1 Ba6 15. Qd1 Bb7 16. Nd3 Ne4 17. f3 Nef6 18. Nf1
$6 (18. e4 fxe4 19. fxe4 e5 20. dxe5 (20. exd5 exd4 21. dxc6 (21. Bxd4 cxd5 {
[%csl Ra3]}) 21... Bxc6 (21... Qe3+ 22. Nf2 $16 {[%cal Gd2f1]}) 22. Bxc6 Rxc6
23. Nf3 {[%csl Rd4]} Bc5 24. Nf2 (24. Nxd4 Qe3+ 25. Nf2 Rd6 $19) 24... Rd8 25.
Qd3 Re6 $17 {[%cal Ge6e3]}) 20... Nxe5 21. Nxe5 Bxe5 22. Bxe5 Qxe5 23. exd5
cxd5 $11) 18... c5 $15 19. Qe2 a4 20. bxa4 Rxa4 21. cxd5 exd5 22. dxc5 bxc5 {
Hanging pawns c5 and d5 take control over the center and white cannot attack
them.} 23. Qd1 Rca8 24. Rab1 c4 25. Nb4 (25. Nf4 Bc6 26. Ne2 Ne5 $17) 25...
Bxb4 (25... Bc5 26. Nc2 $15) 26. axb4 Rxb4 27. Bc3 Rxb1 28. Rxb1 Bc6 29. Qd4 {
Control over black squares gives white clear compensation.} Re8 30. Qf4 Qa3 31.
Qd4 Nf8 32. Ra1 Qb3 33. Ra7 {I guess in this stage of the game were in mutual
time-trouble,and as usual everything was decided by tactic.} Bd7 $4 (33... Ne6
34. Qe5 (34. Rxg7+ Nxg7 35. Qxf6 Qb7 $17) 34... Nd7 35. Qd6 Qxc3 36. Qxc6 Nf6
37. f4 Qd3 38. Ra5 Re7 (38... d4 $140 $2 39. Bd5) 39. Bxd5 Nxd5 40. Rxd5 (40.
Qxd5 Qxd5 41. Rxd5 c3 $17 {[%csl Rc3,Rf1]}) 40... Qe4 41. Qd6 Kf7 42. Re5 Qc2
43. e4 $1 $36) 34. f4 $1 {[%csl Rd5]} Qb5 (34... Ne6 35. Bxd5 Nxd5 36. Qxd5 $18
) (34... Re7 35. Qc5 Rf7 36. Bxf6 Rxf6 37. Bxd5+ Be6 38. Qe7 $18) 35. Ra5 $18
Ne6 36. Qa7 Qc6 37. Bxf6 gxf6 38. Bxd5 Qd6 39. Bxc4 Kh8 $2 (39... Bc6 40. Rxf5
$18) 40. Rd5 1-0

[Event "ISR-chT"]
[Site "Israel"]
[Date "2001.02.24"]
[Round "3.6"]
[White "Tyomkin, Dimitri"]
[Black "Slutzky, Leonid"]
[Result "1-0"]
[WhiteElo "2492"]
[BlackElo "2361"]
[Annotator "Tyomkin,D"]
[PlyCount "61"]
[EventDate "2001.02.??"]
[EventType "team"]
[EventRounds "11"]
[EventCountry "ISR"]
[SourceTitle "CBM 081"]
[Source "ChessBase"]
[SourceDate "2001.03.20"]
[SourceVersion "1"]
[SourceVersionDate "2001.03.20"]
[SourceQuality "1"]

1. d4 e6 2. c4 f5 3. g3 Nf6 4. Bg2 Bb4+ 5. Nd2 O-O 6. Nh3 Nc6 (6... d6 7. O-O
Bxd2 (7... Qe7 $5 8. Nb3 $1 {[%csl Rb4]}) 8. Bxd2 Qe7 9. Rc1 $5 e5 10. c5 Nc6
$1 (10... exd4 $6 11. cxd6 Qxd6 $140 12. Qb3+ {[%cal Gd2b4]}) 11. cxd6 cxd6 12.
d5 Nd8 $14 {1/2-1/2 Milov,V-Johansen,D/Suncoast AUS 1999 (19)}) 7. d5 Ne7 (7...
Ne5 8. Qc2 {[%csl Rc4]} c6 9. Nf4 $16) 8. a3 (8. Qb3 Bxd2+ 9. Bxd2 e5 10. O-O
d6 11. Ng5 $14 {[%cal Gg5e6]}) (8. O-O $5 exd5 9. cxd5 Nexd5 10. Qb3 c6 11. Nf4
Qe7 12. Nxd5 Nxd5 13. Bxd5+ cxd5 14. Qxd5+ Qe6 15. Qxe6+ dxe6 16. Nf3 Bd7 $11)
8... Bxd2+ 9. Qxd2 $2 {I was prepared to this game, and I analysed even this
position, finding out that the capture with the bishop leads to white's
advantage. But during the game I decided to capture with the queen. I can not
explain why....} (9. Bxd2 exd5 10. cxd5 Nexd5 11. Qb3 c6 12. Nf4 Kh8 (12... Qb6
13. Bb4 $1) 13. Nxd5 Nxd5 14. Bxd5 cxd5 15. Qxd5 $16) 9... e5 10. O-O {I
undestimated 10.d6, thinking that black would have been Ok placing the knight
on d4:} (10. d6 $5 Nc6 {[%cal Gc6d4]} 11. b4 Nd4 12. Qd3 $1 $14 {[%cal Ge2e3]})
10... d6 11. Ng5 {During the game I had missed one typical idea:} (11. f4 $5 e4
12. b3 $14 {[%cal Gc1b2,Yh3f2,Yf2d1,Yd1e3]} (12. b4 b5 $1)) 11... Qe8 12. c5 $5
{Playing for complications.} h6 $1 (12... dxc5 13. d6 Nc6 (13... cxd6 14. Qxd6
Nc6 15. Qxc5 Nd4 16. Be3 $5 Nxe2+ 17. Kh1 {[%cal Ga1e1]} Nd4 18. f4 $16) 14.
dxc7 Qe7 15. Qc3 Nd4 16. Qc4+ Kh8 17. b4 $5 (17. e3 $5)) 13. cxd6 cxd6 14. Ne6
Bxe6 15. dxe6 d5 16. b4 $2 {Now white is losing the pawn e6,and can not get
any compensation.} (16. Qb4 b6 (16... Nc6 17. Qxb7 Qxe6 {[%cal Gc6d4]} 18. Qa6
$1 $13) 17. Qd6 e4 18. b4 {[%cal Gc1b2]}) 16... Qc6 17. Bb2 Qxe6 18. b5 $2 {
It was necessary to activate at least one of my bishops by 2-f4.} (18. f4 $1)
18... Rac8 19. Rac1 b6 20. Bh3 (20. f4 $1) 20... Ne4 $17 {Now I gonna be
almost hopeless...} 21. Qe3 Ng5 22. Bg2 d4 23. Qd3 Qa2 24. Rb1 (24. Ba1 Ne6 $19
{[%cal Ge6c5]}) 24... Ne6 25. Qd1 {[%cal Ge2e3]} Qc4 26. e3 {Last chance to do
something.} dxe3 $4 {Missing the next reply of white. This is very hard to
believe that white gonna win this game in 5 moves!} (26... Rfd8 $17) 27. Qd6 $1
$16 {Suddenly all white pieces become very powerful.} exf2+ (27... e2 28. Rfe1
(28. Rfc1 Qxc1+ $1) 28... Kf7 29. Qxe5 Rc5 30. Qxe2 Qxe2 31. Rxe2 Rxb5 32. Rbe1
$16) (27... Rf7 28. Qxe5 exf2+ {-game}) 28. Rxf2 Rce8 (28... Kf7 29. Qxe5 Rc5
30. Qe3 Rxb5 31. Re1 $44) (28... Rfe8 29. Rc1 (29. Qxe5 Rc5) 29... Qb3 30. Rxc8
Nxc8 31. Qxe5 $16) 29. Rc1 Qb3 (29... Qa2 30. Qxe5 {[%cal Gc1e1]} Ng6 31. Qc3
$18 {[%csl Ra2][%cal Rc1a1] Black queen is in troubles,}) 30. Rc3 $1 Nc8 (30...
Qxb5 31. Qxe6+ Kh7 32. Rb3 $18 {[%cal Re6e5]}) (30... Qa2 31. Bc1 Qa1 32. Qxe6+
Kh7 33. Qb3 {[%cal Rf2a2]} Rc8 34. Bc6 $18) 31. Qxf8+ 1-0